000 00974cam a22002411 4500
001 med47001293
003 DLC
005 20260227111602.0
008 820221s1947 xx 000 0 eng
010 _amed47001293
035 _a(OCoLC)14681606
040 _aDLC
_cDNLM
_dOCoLC
_dDLC
042 _apremarc
050 0 0 _aRA421
_b.U4 no. 188
060 0 0 _aW1
_bUN659 no.188 1947
100 1 _aVon Oettingen, W. F.
_q(Wolfgang Felix),
_d1888-
245 1 0 _aXylidine (C, C-dimethylaniline): its toxicity and potential dangers as compared with those of aniline
_band an appraisal of the potential hazards from its use in blending gasoline,
_cby W. F. Von Oettingen [and others]
260 _aWashington,
_bU.S. Govt. Print. Off.,
_c1947.
300 _avi, 124 p.
_bill.
410 2 0 _aNational Institute of Health (U.S.)
_tBulletin,
_vno. 188
500 _aAt head of title: Federal Security Agency. United States Public Health Service.
504 _aBibliography: p. 123-124.
999 _c38293
_d38293